Vánoční prázdniny /
Dva vánoční příběhy myšáka Mickeyho a jeho přátel.
Uloženo v:
| Hlavní autor: | |
|---|---|
| Korporativní autor: | |
| Další autoři: | , , , |
| Médium: | E-kniha |
| Jazyk: | Czech |
| Vydáno: |
V Praze :
Alicanto,
2024
|
| Vydání: | 1. vydání |
| Edice: | Disney (Alicanto)
|
| Témata: | |
| Tagy: |
Žádné tagy |
| LEADER | 02548nam a2200553 i 4500 | ||
|---|---|---|---|
| 001 | 312786 | ||
| 003 | CZ PrSKC | ||
| 005 | 20260601215728.0 | ||
| 007 | ta | ||
| 008 | 241018s2024 xr a a 000 j cze | ||
| 015 | |a cnb003638769 | ||
| 020 | |a 9788025258071 |q (vázáno) : |c Kč 249,00 | ||
| 035 | |a (OCoLC)1477951698 | ||
| 040 | |a ABG001 |b cze |d ABA001 |e rda | ||
| 041 | 1 | |a cze |h eng | |
| 072 | 7 | |a 821-93 |x Literatura pro děti a mládež (beletrie) |2 Konspekt | |
| 080 | |a 821-32 |2 MRF | ||
| 080 | |a 821-93 |2 MRF | ||
| 080 | |a (0:82-32) |2 MRF | ||
| 100 | 1 | |a Orsi, Tea |7 mzk20181013965 |4 aut | |
| 245 | 1 | 0 | |a Vánoční prázdniny / |c z anglického originálu přeložila Irena Steinerová |
| 250 | |a 1. vydání | ||
| 264 | 1 | |a V Praze : |b Alicanto, |c 2024 | |
| 300 | |a 53 stran : |b barevné ilustrace ; |c 30 cm | ||
| 336 | |a text |b txt |2 rdacontent | ||
| 336 | |a statický obraz |b sti |2 rdacontent | ||
| 337 | |a bez média |b n |2 rdamedia | ||
| 338 | |a svazek |b nc |2 rdacarrier | ||
| 490 | 1 | |a Disney | |
| 500 | |a "Written by Tea Orsi, illustrated by Svetlana Kostina and Disney Storybook Art Team"--Tiráž | ||
| 505 | 0 | 0 | |t Pátrání ve sněhu -- |t Louskáček |
| 520 | 2 | |a Dva vánoční příběhy myšáka Mickeyho a jeho přátel. |b Vydejte se Mickeym a všemi jeho kamarády na báječné zimní prázdniny na chatě v horách a pomozte jim při napínavém pátrání po ztraceném štěňátku jménem Vločka nebo si přečtěte, jak se Mickey vypravil s Minnie do města na nákup vánočních dárků a na představení Louskáčka. Nakladatelská anotace. Kráceno. | |
| 521 | 8 | |a Pro děti od 4 let | |
| 655 | 7 | |a příběhy |7 fd133204 |2 czenas | |
| 655 | 7 | |a publikace pro děti |7 fd133156 |2 czenas | |
| 655 | 9 | |a stories |2 eczenas | |
| 655 | 9 | |a children's literature |2 eczenas | |
| 700 | 1 | |a Kostina, Svetlana |4 ill | |
| 700 | 1 | |a Steinerová, Irena, |d 1966- |7 jn20010309566 |4 trl | |
| 700 | 1 | 2 | |a Orsi, Tea, |t Snowy search. |l Česky |
| 700 | 1 | 2 | |a Orsi, Tea. |t Nutcracker. |l Česky |
| 710 | 2 | |a Disney Storybook Artists |7 mzk2009490531 |4 ill | |
| 830 | 0 | |a Disney (Alicanto) | |
| 900 | |a ABA001 |b 20 | ||
| 928 | 9 | |a Albatros Media - Alicanto | |
| 044 | |a xr | ||
| 910 | |a RBIT002 | ||
| 998 | |d 421905 |a https://core.palmknihy.cz/api/books/421905/cover?t12h4k |b https://core.palmknihy.cz/api/books/421905/cover/400?t12h4k |c https://core.palmknihy.cz/api/books/421905/cover/50?t12h4k |e 2026-12-31 |g 56 |i 9788025258071 |k https://core.palmknihy.cz/api/books/421905/preview.pdf |l |q 49 |r 1 |s https://www.palmknihy.cz/kniha/421905 |t ebook |y 2024 |z 0 | ||
| 999 | |d 312784 | ||